01514nam a2200349 a 4500001001000000003000500010005001700015008004100032010001100073011001100084040000900095090001000104100003800114245012400152260004100276500006000317502011100377590004100488590004000529590004000569650003500609650004200644650004300686650004700729856007000776901000700846942001000853942000600863999001900869952014000888952013601028000112018CHAP20220329144242.0151118s2015 mx sm |||||||spa d a108479 a109451 cCHAP aTesis1 aHuerta Miranda, Rosalía913007610aManejo óptimo del cultivo de hortensia (Hydrangea macrophylla) en macetah[En línea]cpor Rosalía Huerta Miranda. aChapingo, Méx. :bEl autor,c2015. aPara ver el contenido del material haga clic en la liga aTesis (Ing. Agr. Esp. en Suelos) -- UACH. Departamento de Enseñanza Investigación y Servicio en Suelos aE11695DGDb10c20151119lUCH01h0841 aE5765TAJb05c20151118lUCH01h1110 aE5765TAJb05c20151118lUCH01h111014aHortensiaxFloración.95628914aHortensiaxSiembra en maceta.913010514aPlantasxCrecimientoxAditivos.98880414aPlantasxCrecimientoxEstimulantes.988808 aFinding aiduhttp://10.13.5.2/tesis/sist112018.pdfzTeclea aquí aBK cTESIS n0 c108479d108479 00102local4053708TESISaBCbBCcPA_TESISd2015-11-18fTESISl0oTesisp33724002511355r2019-12-31 00:00:00tc.2w2019-12-31yTESIS 00104054718TESISaBCbBCd2015-11-18fTESISl0oTesisp33724002511397r2019-12-31 00:00:00w2019-12-31yTESISzRecien adquirido